000 00850nam a22002295i 4500
001 10746
003 ES-MaACL
005 20230906145941.0
007 t|
008 940912s1994 sp ||||0| spa j
020 _a84-87899-17-X
040 _aM-BN
_bspa
_cM-BN
080 _a347.752(460)
080 _a347.752(4-672 CE)
245 0 0 _aRégimen jurídico sobre control de cambios
_b: (España-Comunidad Europea) : tratado legislativo (normativa española y comunitaria) /
_cDiego Saura Calixto.
260 _aMadrid :
_bCentro de Estudios del Seguro,
_cD.L. 1994.
300 _a467 p ;
_c24 cm.
650 1 4 _aCambio exterior-
_zEspaña-
_vLegislación.
_910689
650 1 4 _aCambio exterior-
_vLegislación comunitaria.
_910690
700 1 _aSaura Calixto, Diego.
_9103999
852 _aES-MaACL
_jL-18082
_bR.124430
_q. - Ded. autógr. del autor
999 _c10746
_d10746